Merged States on the Map of North America - Statistics

General Stats
  • This quiz has been taken 115 times
  • The average score is 12 of 20
Answers on the Map
Answers color-coded by a green-red scale on the quiz's map according to % correct below.
 
Answer Stats
State/Province/Territory % Correct
Montana
91%
Idaho
90%
Arizona
89%
Texas
86%
Minnesota
85%
Maine
80%
Ontario
80%
Kentucky
78%
West Virginia
78%
Nunavut
58%
New Brunswick
57%
Northwest Territories
52%
Sonora
46%
Alaska
44%
British Columbia
36%
Oaxaca
36%
Veracruz
36%
Tamaulipas
29%
Jalisco
28%
Zacatecas
24%
No matching quizzes found
Score Distribution
Percent of People with Each Score
Percentile by Number Answered
Your Score History
You have not taken this quiz